<The> World is flat <the> globalized world in the twenty-first century

Guardado en:
Detalles Bibliográficos
Autor principal: Friedman, Thomas L.
Formato: Libro
Lenguaje:inglés
Publicado: London Penguin Books 2006
Edición:updated and expanded
Materias:
Etiquetas: Agregar Etiqueta
Sin Etiquetas, Sea el primero en etiquetar este registro!

MARC

LEADER 00000nam$a2200000$$$4500
001 0090227
005 20221207101415.3
020 |a 978-0-1410-3489-8 
020 |a 978-0-141-03489-8 
041 0 |a eng 
044 |a GB 
245 1 0 |a <The> World is flat  |b <the> globalized world in the twenty-first century  |c Thomas L. Friedman 
250 |a updated and expanded 
264 1 |a London  |b Penguin Books  |c 2006 
300 |a 660 s. 
610 2 0 |a globalizácia 
610 2 0 |a obchod voľný 
610 2 0 |a krajiny rozvojové 
610 2 0 |a spoločnosti 
610 2 0 |a pokrok technický 
610 2 0 |a konflikty 
610 2 0 |a prevencia 
610 2 0 |a Amerika 
100 1 |a Friedman, Thomas L.